书目信息 |
| 题名: |
管理中的系统工程
|
|
| 作者: | 姚风阁 著 | |
| 分册: | ||
| 出版信息: | 北京 解放军出版社 1988.9 |
|
| 页数: | 377页 | |
| 开本: | 19厘米 | |
| 丛书名: | 管理者丛书 | |
| 单 册: | ||
| 中图分类: | C93-03 | |
| 科图分类: | 29.154035 | |
| 主题词: | 经济管理-系统工程-应用 , 系统工程-应用-经济管理 | |
| 电子资源: | ||
| ISBN: | 7-5065-0624-6 | |
| 000 | 00991nam2 2200289 45 | |
| 001 | 0189027279 | |
| 005 | 20070707154859.51 | |
| 010 | @a7-5065-0624-6@dCNY3.55 | |
| 020 | @aCN@b89027279 | |
| 100 | @a19911017d1988 m y0chiy0120 ea | |
| 101 | 0 | @achi |
| 102 | @aCN@b110000 | |
| 105 | @ay z 000yy | |
| 200 | 10 | @a管理中的系统工程@Aguan li zhong de xi tong gong cheng@f姚风阁等著@Fyao feng ge deng zhu |
| 210 | @a北京@c解放军出版社@d1988.9 | |
| 215 | @a377页@d19厘米 | |
| 225 | 2 | @a管理者丛书@f赵 宏主编 |
| 330 | @a本书主要介绍系统工程的基本概念、方法及其在经济管理中的应用,内容包括投入产出法、线性规划、整数规划、动态规划、模拟方法等,并有案例引导自学。 | |
| 410 | 0 | @120010@a管理者丛书 |
| 540 | 1 | @a管理 系统工程@Aguan li xi tong gong cheng |
| 606 | @a经济管理-系统工程-应用 | |
| 606 | @a系统工程-应用-经济管理 | |
| 690 | @aC93-03@v1980 | |
| 692 | @a29.154035@v1974 | |
| 701 | 0 | @a姚风阁@Ayao feng ge@4著 |
| 801 | 0 | @aCN@bTSSF@c20070707 |
| 905 | @a10447@dC93-03@e342 | |
| 管理中的系统工程/姚风阁等著.-北京:解放军出版社,1988.9 |
| 377页;19厘米.-(管理者丛书/赵 宏主编) |
| ISBN 7-5065-0624-6:CNY3.55 |
| 本书主要介绍系统工程的基本概念、方法及其在经济管理中的应用,内容包括投入产出法、线性规划、整数规划、动态规划、模拟方法等,并有案例引导自学。 |
| ● |
| 相关链接 |
|
|
|
|
正题名:管理中的系统工程
索取号:C93-03/342
 
预约/预借
| 序号 | 登录号 | 条形码 | 馆藏地/架位号 | 状态 | 备注 |
| 1 | 0766960 | 207669600 | 第一样本阅览室/ [索取号:C93-03/342] | 在馆 |